| 000 | 00603nam a2200217 a 4500 | ||
|---|---|---|---|
| 999 |
_c3221 _d3221 |
||
| 001 | 3221 | ||
| 003 | BD-JhCC | ||
| 005 | 20171112104604.0 | ||
| 008 | 171111s1985 bg |||| ||a| 000 0 ben d | ||
| 035 | _a(BD-JhCC) 3221 | ||
| 040 |
_aBD-JhCC _dBD-JhCC |
||
| 041 | _aben | ||
| 082 |
_a641 _bHAQ 1985 |
||
| 100 | _aহক, সানাউল | ||
| 245 |
_aখাদ্যভুবন / _c সানাউল হক |
||
| 300 |
_a116 _c18 cm . |
||
| 490 | _aSeries in honour of the Martyrs of the Language Movement of February 1952. | ||
| 650 | _aThe word of food | ||
| 942 |
_2ddc _cBK |
||